Power prayers for teachers / (Record no. 118104)
[ view plain ]
| 000 -LEADER | |
|---|---|
| fixed length control field | 00433nam a2200157Ia 4500 |
| 008 - FIXED-LENGTH DATA ELEMENTS--GENERAL INFORMATION | |
| fixed length control field | 140609s9999 xx 000 0 und d |
| 020 ## - INTERNATIONAL STANDARD BOOK NUMBER | |
| International Standard Book Number | 9781602601925 |
| 050 ## - LIBRARY OF CONGRESS CALL NUMBER | |
| Classification number | BV 4596.T43 |
| Item number | .Sh58 2008 |
| 100 ## - MAIN ENTRY--PERSONAL NAME | |
| Personal name | Shumway, Denise. |
| 245 ## - TITLE STATEMENT | |
| Title | Power prayers for teachers / |
| Statement of responsibility, etc | Denise Shumway |
| 260 ## - PUBLICATION, DISTRIBUTION, ETC. (IMPRINT) | |
| Place of publication, distribution, etc | Uhrichsville, Ohio : |
| Name of publisher, distributor, etc | Barbour Pub., |
| Date of publication, distribution, etc | c2008. |
| 300 ## - PHYSICAL DESCRIPTION | |
| Extent | 221 p. ; |
| Dimensions | 18 cm. |
| 521 ## - TARGET AUDIENCE NOTE | |
| Target audience note | |
| 942 ## - ADDED ENTRY ELEMENTS (KOHA) | |
| Call number prefix | Foreign |
| Koha item type | Books |
| Withdrawn status | Lost status | Damaged status | Home library | Current library | Shelving location | Date acquired | Cost, normal purchase price | Total Checkouts | Full call number | Barcode | Date last seen | Price effective from | Koha item type |
|---|---|---|---|---|---|---|---|---|---|---|---|---|---|
| College Library | College Library | General Circulation Section | 06/09/2014 | 285.00 | BV 4596.T43 .Sh58 2008 | C18392 | 05/15/2018 | 06/09/2014 | Books |